| 000 | 00804nas a2200253 4500 | ||
|---|---|---|---|
| 001 | BR9500701 | ||
| 003 | BR-BrBNA | ||
| 005 | 20231205093832.0 | ||
| 007 | ta | ||
| 008 | 230509b bl.|||p| |||| 00| 00por d | ||
| 040 |
_aBR-BrBNA _bpor _cBiblioteca Nacional de Agricultura |
||
| 041 | _a(Pt) | ||
| 072 | _aL73 | ||
| 100 | 1 | _aReis, J.K.P. | |
| 100 | 1 | _aLeite, R.C. | |
| 245 | 1 | _aOtimizacao da producao e estabilizacao do antigeno do virus da anemia infecciosa equina, para uso diagnostico | |
| 650 | _aEquino | ||
| 650 | _aAnemia Infecciosa | ||
| 650 | _aAntigeno | ||
| 650 | _aVirus | ||
| 773 | 0 |
_tArquivo Brasileiro de Medicina Veterinaria e Zootecnia (Brazil) _xISSN 0101-0935 _g(Aug 1994), v. 46(4) p. 380-385 _wBR9500701 |
|
| 909 |
_a202311 _bLúcia _c55 _dLúcia Elande |
||
| 942 |
_2AGRIS _n0 _cANA |
||
| 999 |
_c140642 _d140642 |
||